The Master and the Margarita Franchise - Statistics

General Stats
  • This quiz has been taken 13 times
  • The average score is 3 of 7
Answer Stats
Type Year Name Info % Correct
TV Mini-Series 1988 The Master and Margarita ????
82%
TV Film 1994 The Master and Margarita ????
82%
TV Mini-Series 2005 The Master and Margarita Telekanal Rossiya
82%
Novel 1966-1967 The Master and the Margarita Mikhail Bulgakov
27%
TV Film 1991 Incident in Judaea Channel 4
0%
Film 1972 Pilate and Others ZDF
0%
Film 1972 The Master and Margaret EIA
0%
No matching quizzes found
Score Distribution
Percent of People with Each Score
Percentile by Number Answered
Your Score History
You have not taken this quiz